| 000 | 00456nam a2200181Ia 4500 | ||
|---|---|---|---|
| 001 | 8825 | ||
| 005 | 20260306160638.0 | ||
| 008 | 260306t2009||||xx |||||||||||||| ||spa|| | ||
| 041 | _aESP | ||
| 082 |
_a371.39 _bZ77 |
||
| 100 |
_aZilberstein Toruncha, José _eAUT |
||
| 245 | 0 | _aEnseñanza y aprendizaje en una educación por ciclos | |
| 260 | _c2009 | ||
| 300 |
_a169 páginas : _c21 cm. |
||
| 650 | _aGEN | ||
| 654 | _aCED | ||
| 942 |
_cLIB _dJUS _fJUS _2ddc _n |
||
| 999 |
_c8825 _d8825 |
||